Masters Tournament Champions - Statistics

General Stats
  • This quiz has been taken 1,181 times
    793 since last reset
  • The average score is 23 of 57
Answer Stats
Champion % Correct
Tiger Woods
98%
Rory McIlroy
95%
Scottie Scheffler
92%
Jon Rahm
91%
Jack Nicklaus
83%
Craig Wood
80%
Phil Mickelson
79%
Hideki Matsuyama
78%
Jordan Spieth
78%
Dustin Johnson
77%
Sergio García
76%
Zach Johnson
73%
Bubba Watson
71%
Arnold Palmer
67%
Tom Watson
67%
Adam Scott
66%
Gary Player
64%
Vijay Singh
63%
Patrick Reed
62%
Danny Willett
55%
Nick Faldo
50%
Ángel Cabrera
48%
Ben Hogan
44%
Seve Ballesteros
44%
Charl Schwartzel
43%
Bernhard Langer
41%
Fred Couples
41%
José María Olazábal
40%
Mike Weir
39%
Trevor Immelman
39%
Horton Smith
29%
Ian Woosnam
29%
Sam Snead
28%
Ben Crenshaw
26%
Mark O'Meara
26%
Gene Sarazen
24%
Sandy Lyle
24%
Larry Mize
22%
Fuzzy Zoeller
21%
Byron Nelson
18%
Craig Stadler
15%
Raymond Floyd
15%
Charles Coody
11%
Art Wall Jr.
10%
Billy Casper
10%
Jimmy Demaret
10%
Tommy Aaron
10%
Cary Middlecoff
9%
Gay Brewer
9%
Bob Goalby
8%
Claude Harmon
8%
Doug Ford
8%
George Archer
8%
Jack Burke Jr.
8%
Henry Picard
6%
Herman Keiser
6%
Ralph Guldahl
5%
No matching quizzes found
Score Distribution
Percent of People with Each Score
Percentile by Number Answered
Your Score History
You have not taken this quiz since the last reset